<?xml version="1.0" encoding="UTF-8"?>
<record
    xmlns:xsi="http://www.w3.org/2001/XMLSchema-instance"
    xsi:schemaLocation="http://www.loc.gov/MARC21/slim http://www.loc.gov/standards/marcxml/schema/MARC21slim.xsd"
    xmlns="http://www.loc.gov/MARC21/slim">

  <leader>01408nam a2200241   4500</leader>
  <controlfield tag="001">113973</controlfield>
  <controlfield tag="003">DR-UNIBE</controlfield>
  <controlfield tag="005">20250729134832.0</controlfield>
  <controlfield tag="008">250729b1971    sp ||||| |||| 00| 0 spa d</controlfield>
  <datafield tag="040" ind1=" " ind2=" ">
    <subfield code="a">BIBLIOTECA UNIBE</subfield>
    <subfield code="c">BIBLIOTECA UNIBE</subfield>
    <subfield code="b">spa</subfield>
    <subfield code="e">rda</subfield>
  </datafield>
  <datafield tag="041" ind1=" " ind2=" ">
    <subfield code="a">spa</subfield>
  </datafield>
  <datafield tag="082" ind1=" " ind2=" ">
    <subfield code="2">22</subfield>
    <subfield code="a">346.07  G241</subfield>
  </datafield>
  <datafield tag="100" ind1=" " ind2=" ">
    <subfield code="a">Garrigues D&#xED;az-Ca&#xF1;abate, Joaqu&#xED;n, </subfield>
    <subfield code="d">1899-1983</subfield>
    <subfield code="9">197947</subfield>
    <subfield code="e">autor</subfield>
  </datafield>
  <datafield tag="245" ind1=" " ind2=" ">
    <subfield code="a">Hacia un nuevo Derecho Mercantil :</subfield>
    <subfield code="b">escritos, lecciones y conferencias /</subfield>
    <subfield code="c">Joaqu&#xED;n Garrigues</subfield>
  </datafield>
  <datafield tag="260" ind1=" " ind2=" ">
    <subfield code="a">Madrid :</subfield>
    <subfield code="b">Tecnos, </subfield>
    <subfield code="c">1971</subfield>
  </datafield>
  <datafield tag="300" ind1=" " ind2=" ">
    <subfield code="a">352 p&#xE1;ginas :</subfield>
    <subfield code="c">21 x 13 cm</subfield>
  </datafield>
  <datafield tag="490" ind1=" " ind2=" ">
    <subfield code="a">Biblioteca Tecnos de estudios jur&#xED;dicos</subfield>
  </datafield>
  <datafield tag="500" ind1=" " ind2=" ">
    <subfield code="a">Comentario de la obra en la solapa</subfield>
  </datafield>
  <datafield tag="505" ind1=" " ind2=" ">
    <subfield code="a">Preliminar |
Nuevos hechos, nuevo derecho de la sociedad an&#xF3;nima |
Intermedio epistolar y discurso en el homenaje  de la universidad de Madrid a Ortega y Gasset |
Problemas actuales de la sociedad an&#xF3;nima |
La crisis del derecho mercantil contempor&#xE1;neo |
Discurso de contestaci&#xF3;n al ser concedido al profesor Garrigues el t&#xED;tulo de Doctor Honoris Causa por la Universidad de Genova, 10 enero 1966 |
Reto sin respuesta |
La empresa desde el punto de vista jur&#xED;dico |
 Acotaciones de un jurista sobre reforma de la empresa |
&#xDA;ltima lecci&#xF3;n como catedr&#xE1;tico pronunciada el d&#xED;a 6 de mayo de 1970</subfield>
  </datafield>
  <datafield tag="650" ind1=" " ind2=" ">
    <subfield code="2">lemb</subfield>
    <subfield code="a">Sociedades an&#xF3;nimas</subfield>
  </datafield>
  <datafield tag="650" ind1=" " ind2=" ">
    <subfield code="2">lemb</subfield>
    <subfield code="a">Derecho mercantil</subfield>
  </datafield>
  <datafield tag="942" ind1=" " ind2=" ">
    <subfield code="2">ddc</subfield>
    <subfield code="c">BK</subfield>
  </datafield>
  <datafield tag="999" ind1=" " ind2=" ">
    <subfield code="c">113973</subfield>
    <subfield code="d">113973</subfield>
  </datafield>
  <datafield tag="952" ind1=" " ind2=" ">
    <subfield code="0">0</subfield>
    <subfield code="1">0</subfield>
    <subfield code="2">ddc</subfield>
    <subfield code="7">0</subfield>
    <subfield code="8">GEN</subfield>
    <subfield code="a">Principal</subfield>
    <subfield code="d">2025-06-10</subfield>
    <subfield code="l">0</subfield>
    <subfield code="o">346.07  G241</subfield>
    <subfield code="p">250901</subfield>
    <subfield code="r">2025-07-29 11:51:13</subfield>
    <subfield code="t">Ej. 1</subfield>
    <subfield code="w">2025-07-29</subfield>
    <subfield code="y">BK</subfield>
  </datafield>
</record>
